All 7 Letter Words that Begin With D - Statistics

General Stats
  • This quiz has been taken 12 times
  • The average score is 276 of 1900
Answer Stats
% Correct
dealers
100%
dealing
100%
dialers
100%
dialing
100%
doubted
100%
drugged
100%
dancing
89%
darting
89%
defined
89%
definer
89%
defines
89%
delayed
89%
dentist
89%
depends
89%
dinners
89%
dockers
89%
drained
89%
drawers
89%
drawing
89%
dunkers
89%
dunking
89%
daggers
78%
dancers
78%
dangers
78%
darkens
78%
dawning
78%
debuted
78%
deckers
78%
defends
78%
defiles
78%
delayer
78%
denting
78%
despots
78%
deviled
78%
differs
78%
diggers
78%
digging
78%
dimmers
78%
dissect
78%
dollars
78%
dotting
78%
doubled
78%
doubles
78%
doubter
78%
dragged
78%
dragons
78%
drainer
78%
draping
78%
dreamer
78%
drinker
78%
dropped
78%
drowned
78%
drummed
78%
ducking
78%
dumpers
78%
dabbing
67%
dangled
67%
dangles
67%
darkest
67%
darking
67%
darling
67%
darters
67%
deadens
67%
deafens
67%
deathly
67%
debated
67%
decides
67%
deepens
67%
defaced
67%
defaces
67%
defiled
67%
delight
67%
delving
67%
demands
67%
demoted
67%
demotes
67%
departs
67%
deports
67%
despair
67%
dessert
67%
dimming
67%
dimpled
67%
dimples
67%
dippers
67%
dirtier
67%
dirties
67%
discuss
67%
distant
67%
distend
67%
diverts
67%
divines
67%
docking
67%
doctors
67%
dodgers
67%
dodging
67%
doggers
67%
dotters
67%
downers
67%
downing
67%
drastic
67%
dreamed
67%
dripped
67%
dripper
67%
drivers
67%
driving
67%
dropper
67%
drummer
67%
dubbers
67%
dubbing
67%
duckers
67%
dulling
67%
dumbing
67%
dumping
67%
dabbers
56%
dabbles
56%
daddies
56%
dailies
56%
dangler
56%
dashers
56%
dashing
56%
debaser
56%
debases
56%
debater
56%
debates
56%
decants
56%
decided
56%
decking
56%
decoded
56%
decodes
56%
defacer
56%
defects
56%
defiler
56%
deforms
56%
demarks
56%
deploys
56%
depress
56%
derange
56%
derides
56%
descend
56%
descent
56%
designs
56%
destiny
56%
details
56%
detains
56%
detests
56%
devoted
56%
devotes
56%
diapers
56%
dilated
56%
dilates
56%
dingers
56%
dingles
56%
dipping
56%
discord
56%
disdain
56%
disowns
56%
disturb
56%
ditcher
56%
ditches
56%
divider
56%
divides
56%
divvers
56%
dockets
56%
dolphin
56%
doubler
56%
dousing
56%
drafted
56%
dragger
56%
drapped
56%
drawled
56%
dueller
56%
dusters
56%
dabbled
44%
dabbler
44%
dairies
44%
daisies
44%
damming
44%
dampers
44%
damping
44%
danging
44%
dappled
44%
darners
44%
darning
44%
daytime
44%
dearest
44%
debased
44%
debunks
44%
decades
44%
decider
44%
decoder
44%
defense
44%
defrost
44%
defuses
44%
degrade
44%
deliver
44%
delvers
44%
demised
44%
demises
44%
demonic
44%
denials
44%
denoted
44%
density
44%
dentals
44%
derider
44%
despise
44%
destine
44%
detects
44%
detours
44%
deviler
44%
devised
44%
deviser
44%
devises
44%
devours
44%
dialect
44%
diaries
44%
dictate
44%
diction
44%
diffuse
44%
dinging
44%
directs
44%
discern
44%
dishers
44%
dishing
44%
dislike
44%
dispels
44%
dispend
44%
dispute
44%
dissing
44%
distill
44%
distort
44%
ditched
44%
divests
44%
divided
44%
divined
44%
diviner
44%
divorce
44%
doddles
44%
doffers
44%
doffing
44%
doggies
44%
dogging
44%
dominus
44%
donated
44%
donates
44%
dongles
44%
donkeys
44%
dooming
44%
doppers
44%
drafter
44%
drapers
44%
drawler
44%
dredger
44%
dredges
44%
dresser
44%
dresses
44%
dribble
44%
drinked
44%
drooped
44%
druggie
44%
dueling
44%
duffers
44%
dungeon
44%
dungers
44%
dustier
44%
dusting
44%
daffing
33%
dagging
33%
daisied
33%
dallies
33%
damaged
33%
damages
33%
damning
33%
dampens
33%
damsels
33%
dankest
33%
dapples
33%
darbies
33%
daunted
33%
dawdles
33%
dazzled
33%
dazzler
33%
dazzles
33%
deacons
33%
deading
33%
dealate
33%
debrief
33%
debtors
33%
decayed
33%
decibel
33%
declare
33%
decline
33%
decored
33%
decores
33%
decorum
33%
deducts
33%
deeding
33%
deeming
33%
defamed
33%
defamer
33%
defames
33%
defiers
33%
defying
33%
degreed
33%
degrees
33%
deigned
33%
dekkoed
33%
delated
33%
deleted
33%
deletes
33%
deluged
33%
deluges
33%
demeans
33%
demerit
33%
demurer
33%
denotes
33%
denuded
33%
denudes
33%
denying
33%
deplete
33%
deposed
33%
deposes
33%
derided
33%
dervish
33%
descale
33%
deserts
33%
deserve
33%
desired
33%
detents
33%
develop
33%
devices
33%
devolve
33%
diagram
33%
diamond
33%
dibbers
33%
dibbing
33%
dibbles
33%
dickers
33%
dickies
33%
dieters
33%
dieting
33%
digital
33%
dilling
33%
dimwits
33%
dingoes
33%
dinkers
33%
dinkier
33%
dinkies
33%
dinning
33%
dirtied
33%
disease
33%
disgust
33%
display
33%
dispose
33%
distent
33%
dithers
33%
ditties
33%
diverge
33%
diverse
33%
dobbers
33%
doilies
33%
dollies
33%
dollops
33%
domains
33%
dominos
33%
doodles
33%
doomers
33%
dopping
33%
Doppler
33%
dorkier
33%
Dorking
33%
dormers
33%
doublet
33%
douched
33%
douches
33%
dousers
33%
dowsers
33%
dowsing
33%
dreaded
33%
dredged
33%
dressed
33%
drifted
33%
drifter
33%
drizzle
33%
droning
33%
drooled
33%
drought
33%
drovers
33%
drugger
33%
drunken
33%
drunker
33%
duelers
33%
dunging
33%
durians
33%
dwarves
33%
dabbier
22%
dadaist
22%
daddles
22%
daftest
22%
dahlias
22%
dallied
22%
damsons
22%
danders
22%
dandier
22%
dandies
22%
dandled
22%
dandles
22%
dapping
22%
darings
22%
darkish
22%
dashier
22%
dastard
22%
daubers
22%
dawdled
22%
dawdler
22%
daybeds
22%
dearies
22%
dearths
22%
debacle
22%
debarks
22%
debited
22%
deboned
22%
debones
22%
decamps
22%
decency
22%
deckles
22%
declaim
22%
decoyed
22%
decreed
22%
decrees
22%
deepest
22%
default
22%
defiant
22%
deflate
22%
deflect
22%
deforce
22%
defrags
22%
defraud
22%
defrock
22%
defunct
22%
defused
22%
delates
22%
delists
22%
delouse
22%
deltoid
22%
demoded
22%
deniers
22%
denimed
22%
denizen
22%
dentine
22%
denture
22%
deplore
22%
depones
22%
deposer
22%
deposit
22%
deprive
22%
deputes
22%
derails
22%
derated
22%
derates
22%
derbies
22%
derived
22%
derives
22%
desirer
22%
desires
22%
despite
22%
detente
22%
detract
22%
deucing
22%
devalue
22%
devious
22%
devoirs
22%
devotee
22%
dewiest
22%
dhurrie
22%
dhurrin
22%
diablos
22%
dialled
22%
didders
22%
diesels
22%
dietary
22%
digests
22%
digress
22%
dildoes
22%
diluted
22%
diluter
22%
dilutes
22%
dinette
22%
dingier
22%
disable
22%
disarms
22%
disavow
22%
discard
22%
discing
22%
discoed
22%
dismays
22%
disobey
22%
disrupt
22%
dissent
22%
distils
22%
disused
22%
disuses
22%
ditting
22%
dobbies
22%
dodders
22%
doddled
22%
doeskin
22%
doggles
22%
doggone
22%
dogsled
22%
doleful
22%
donning
22%
doodled
22%
doodler
22%
doorway
22%
dopings
22%
dormant
22%
dossers
22%
dossing
22%
dowager
22%
doweled
22%
dozened
22%
draggle
22%
dragoon
22%
drapery
22%
draught
22%
dreidel
22%
drilled
22%
drolled
22%
droller
22%
droners
22%
droplet
22%
drubbed
22%
drubber
22%
drudged
22%
drudges
22%
dryness
22%
duality
22%
duckies
22%
dueting
22%
duffels
22%
duffles
22%
dullard
22%
dumbest
22%
dunning
22%
duskier
22%
dutiful
22%
dwarfed
22%
dwelled
22%
dweller
22%
dynamic
22%
dabster
11%
dacites
11%
dacoits
11%
dacryon
11%
dactyls
11%
Dadaism
11%
daemons
11%
daffier
11%
daggled
11%
daggles
11%
dagobas
11%
dagwood
11%
daikers
11%
daikons
11%
daising
11%
dakhmas
11%
Dakotas
11%
dalapon
11%
dallier
11%
daltons
11%
damager
11%
damasks
11%
damfool
11%
dampest
11%
danaite
11%
dancier
11%
dandily
11%
dansant
11%
danseur
11%
Daoisms
11%
daphnes
11%
daphnia
11%
dapsone
11%
darbied
11%
dareful
11%
dariole
11%
darnels
11%
dasheen
11%
dassies
11%
dasyure
11%
daturas
11%
daubing
11%
daycare
11%
dayglow
11%
daylily
11%
daylong
11%
daymare
11%
daymark
11%
dayside
11%
daysman
11%
daysmen
11%
daystar
11%
deadpan
11%
deaning
11%
debitor
11%
deboner
11%
Deborah
11%
debride
11%
deburrs
11%
decanal
11%
decanes
11%
decapod
11%
decayer
11%
decease
11%
deceits
11%
deceive
11%
decence
11%
decerns
11%
deciles
11%
decimal
11%
deckies
11%
declass
11%
declaws
11%
declive
11%
decocts
11%
decolor
11%
decreer
11%
decrial
11%
decried
11%
decries
11%
decrypt
11%
decuple
11%
deduced
11%
deduces
11%
deedier
11%
deejays
11%
deeners
11%
defangs
11%
defeats
11%
defence
11%
defiber
11%
deficit
11%
defleas
11%
defocus
11%
defunds
11%
degauss
11%
degerms
11%
deglaze
11%
degusts
11%
dehorns
11%
deicers
11%
deicing
11%
deistic
11%
deities
11%
dejecta
11%
dejects
11%
dekanal
11%
deleads
11%
delices
11%
delicts
11%
delimit
11%
delints
11%
deluded
11%
deluder
11%
deludes
11%
demeton
11%
demigod
11%
demined
11%
demines
11%
demirep
11%
demists
11%
demoing
11%
demotic
11%
dendron
11%
dengues
11%
denized
11%
denizes
11%
densely
11%
densest
11%
densify
11%
dentale
11%
dentary
11%
dentate
11%
dentels
11%
deontic
11%
deorbit
11%
deperms
11%
depicts
11%
deprave
11%
deputed
11%
derbied
11%
deriver
11%
derrick
11%
desalts
11%
descant
11%
desists
11%
desktop
11%
desmans
11%
desmids
11%
desmoid
11%
despoil
11%
destain
11%
destock
11%
destool
11%
destroy
11%
deterge
11%
detinue
11%
detorts
11%
detoxed
11%
detoxes
11%
detrude
11%
deveins
11%
deviant
11%
deviate
11%
devilry
11%
devisee
11%
devisen
11%
dewater
11%
dewclaw
11%
dewdrop
11%
dewfall
11%
deworms
11%
dextral
11%
dextran
11%
dextrin
11%
dhamans
11%
dharmas
11%
dhimmis
11%
diabolo
11%
diacids
11%
dialyze
11%
diarise
11%
diarist
11%
diarize
11%
diatoms
11%
dibbled
11%
dibbler
11%
diciest
11%
dictums
11%
diddies
11%
diddled
11%
diddler
11%
diddles
11%
dieback
11%
diehard
11%
digitus
11%
diglots
11%
digoxin
11%
digraph
11%
dikkops
11%
diktats
11%
dilator
11%
dilemma
11%
dillies
11%
dillued
11%
dimeter
11%
dimmest
11%
dimmets
11%
dimorph
11%
dinders
11%
dindled
11%
dindles
11%
dingbat
11%
dinting
11%
diocese
11%
diopter
11%
dioptre
11%
dioxane
11%
dioxide
11%
diploma
11%
diplont
11%
dippier
11%
Diptera
11%
diptote
11%
diptych
11%
diquats
11%
dirdums
11%
dirhams
11%
dirhems
11%
dirking
11%
dirtily
11%
disband
11%
disbars
11%
discamp
11%
discant
11%
discase
11%
discoid
11%
diseuse
11%
disform
11%
dishier
11%
dishpan
11%
dishrag
11%
disject
11%
disjoin
11%
diskers
11%
disking
11%
dislink
11%
disload
11%
dismiss
11%
disomic
11%
dispart
11%
disport
11%
dispost
11%
disrobe
11%
disroot
11%
dissert
11%
distain
11%
distich
11%
distyle
11%
dithery
11%
ditzier
11%
diurnal
11%
diurons
11%
divisor
11%
divulge
11%
divulse
11%
divvied
11%
divvies
11%
dizains
11%
dizzier
11%
djebels
11%
docents
11%
dockage
11%
doddies
11%
dodgery
11%
dodgier
11%
doeling
11%
dogbane
11%
dogcart
11%
doggery
11%
doggier
11%
doglegs
11%
doglike
11%
dogtail
11%
dogtrot
11%
dogvane
11%
dogwood
11%
doldrum
11%
dolines
11%
dollied
11%
dollier
11%
dolours
11%
domical
11%
domicil
11%
domines
11%
donator
11%
Donovan
11%
dookies
11%
doomier
11%
doomily
11%
dormins
11%
dorsals
11%
dottier
11%
dottles
11%
douters
11%
douting
11%
dowdies
11%
doweler
11%
downier
11%
downset
11%
doxings
11%
doziest
11%
drabbed
11%
drabber
11%
drabble
11%
drachma
11%
Dracula
11%
draftee
11%
draggly
11%
dragnet
11%
drailed
11%
drammer
11%
drappie
11%
draying
11%
driller
11%
dripple
11%
drivels
11%
drizzly
11%
drongos
11%
drosser
11%
drosses
11%
drudger
11%
drugget
11%
dubbier
11%
dubstep
11%
duchess
11%
duchies
11%
duckier
11%
ducklet
11%
duction
11%
duelled
11%
duetted
11%
duettos
11%
dugongs
11%
dugouts
11%
dullest
11%
dummied
11%
dummies
11%
dunders
11%
dunnies
11%
dunting
11%
dusking
11%
dustily
11%
Dutchly
11%
dwarfer
11%
dweeble
11%
dwindle
11%
dynamos
11%
dynasty
11%
daboias
0%
daboyas
0%
dachses
0%
dachsie
0%
Dacians
0%
dacitic
0%
dacoity
0%
Dacotah
0%
dactyli
0%
daddock
0%
dadoing
0%
dafadar
0%
daffily
0%
daftars
0%
dagabas
0%
dagames
0%
Dagbane
0%
Dagbani
0%
daggier
0%
daghesh
0%
Daghurs
0%
daglock
0%
Dagomba
0%
Dahoman
0%
dahoons
0%
daidles
0%
daidlie
0%
daimios
0%
daimons
0%
daimyos
0%
daincha
0%
Dakotan
0%
dalasis
0%
daleths
0%
Dalmane
0%
Damaras
0%
damasse
0%
dambrod
0%
damiana
0%
dammars
0%
damnify
0%
damnous
0%
damosel
0%
damozel
0%
dampish
0%
damsite
0%
danaids
0%
Danakil
0%
danazol
0%
dancery
0%
dandify
0%
Danelaw
0%
danglin
0%
danisms
0%
Danites
0%
Dankali
0%
dankish
0%
dannock
0%
Dansker
0%
Dantean
0%
Dantist
0%
daphnid
0%
daphnin
0%
Daphnis
0%
darbhas
0%
darcies
0%
Dardani
0%
Dardans
0%
Dardics
0%
daresay
0%
Darghin
0%
darkled
0%
darkles
0%
darnick
0%
darogas
0%
darogha
0%
darrein
0%
darshan
0%
Dartian
0%
dartled
0%
dartles
0%
dartman
0%
dartmen
0%
darvesh
0%
darwesh
0%
darwish
0%
Dasahra
0%
Dasaras
0%
Dasehra
0%
dashcam
0%
dashiki
0%
dashpot
0%
dassent
0%
dasturi
0%
dasturs
0%
Dasypus
0%
datable
0%
datanas
0%
dataset
0%
datedly
0%
datiles
0%
dations
0%
Datisca
0%
datival
0%
datives
0%
dattock
0%
daturic
0%
daubery
0%
daubier
0%
daunton
0%
dauphin
0%
Daurian
0%
dauties
0%
davachs
0%
davened
0%
Davidic
0%
daviely
0%
davochs
0%
dawties
0%
daybook
0%
daydawn
0%
dayless
0%
daynets
0%
dayroom
0%
daytale
0%
daywork
0%
daywrit
0%
dazedly
0%
deadass
0%
deadest
0%
deadeye
0%
deadish
0%
deadman
0%
deadmen
0%
Deadose
0%
deafest
0%
deafish
0%
deanery
0%
deaness
0%
deathin
0%
deavely
0%
deaving
0%
debauch
0%
debeaks
0%
debeard
0%
debells
0%
debitum
0%
deblock
0%
deboard
0%
deboist
0%
deboost
0%
debords
0%
debouch
0%
debulks
0%
deburse
0%
decadal
0%
decadic
0%
decagon
0%
decanol
0%
decares
0%
decerps
0%
deciare
0%
decidua
0%
decimos
0%
deckman
0%
deckmen
0%
decocta
0%
decreet
0%
decreta
0%
decrier
0%
decrown
0%
decuman
0%
decurts
0%
dedimus
0%
deedbox
0%
deedful
0%
deedily
0%
deepish
0%
deerfly
0%
deerlet
0%
defalks
0%
defassa
0%
DEFCONs
0%
deffest
0%
defials
0%
deflead
0%
defrays
0%
deftest
0%
degames
0%
degases
0%
degorge
0%
degrain
0%
degreen
0%
dehisce
0%
dehorts
0%
Dehwars
0%
dehydro
0%
deicide
0%
deictic
0%
deified
0%
deifier
0%
deifies
0%
deiform
0%
deirids
0%
deiseal
0%
Deiters
0%
dekeing
0%
dekkoes
0%
delaine
0%
delapse
0%
delator
0%
deleafs
0%
deleing
0%
delible
0%
delicta
0%
delicti
0%
Delilah
0%
delimer
0%
deliria
0%
Delonix
0%
delouls
0%
Delphic
0%
Delphin
0%
deltaic
0%
deluvia
0%
demagog
0%
demaine
0%
demarch
0%
demaree
0%
dementi
0%
dements
0%
demesne
0%
Demeter
0%
demivol
0%
demodex
0%
DeMolay
0%
demonym
0%
demoses
0%
demount
0%
denarii
0%
Denison
0%
denners
0%
dennets
0%
denning
0%
densate
0%
densens
0%
dentils
0%
dentins
0%
dentoid
0%
denuder
0%
deodand
0%
deodara
0%
deodars
0%
depaint
0%
depayse
0%
depeter
0%
deplane
0%
deplume
0%
deponed
0%
deposal
0%
depside
0%
depurge
0%
depurse
0%
dequeen
0%
deraign
0%
derecho
0%
dereism
0%
Deripia
0%
dermoid
0%
dernier
0%
derning
0%
derouts
0%
derpier
0%
descort
0%
desemer
0%
desexed
0%
desexes
0%
desight
0%
deskman
0%
deskmen
0%
deslime
0%
desmata
0%
desmine
0%
desmose
0%
desorbs
0%
despect
0%
despond
0%
dessous
0%
desugar
0%
deswell
0%
detache
0%
detenue
0%
detenus
0%
determa
0%
deticks
0%
detinet
0%
detrain
0%
detrash
0%
detrect
0%
detruck
0%
deturbs
0%
deutzia
0%
devaled
0%
devance
0%
devasts
0%
develin
0%
devests
0%
devisal
0%
devisor
0%
devoice
0%
devoved
0%
devoves
0%
devowed
0%
Dewalis
0%
dewanee
0%
dewanny
0%
dewbeam
0%
dewcaps
0%
dewcups
0%
Deweyan
0%
dewlaps
0%
dewless
0%
dewools
0%
dewrets
0%
dewrots
0%
dextrad
0%
dghaisa
0%
dharana
0%
dharani
0%
dharmic
0%
dharnas
0%
dhauras
0%
dhauris
0%
Dhegiha
0%
dhobies
0%
dhyanas
0%
diabase
0%
diacles
0%
diactin
0%
Diadema
0%
diadems
0%
diaderm
0%
diaenes
0%
dialkyl
0%
diallel
0%
diallyl
0%
dialogs
0%
dialyse
0%
diamats
0%
diambic
0%
diamide
0%
diamine
0%
diamino
0%
dianite
0%
dianoia
0%
diapasm
0%
diapirs
0%
diapsid
0%
diarchy
0%
diarial
0%
Diascia
0%
Diasone
0%
diaspid
0%
diastem
0%
diaster
0%
Diatoma
0%
diaulos
0%
diaxone
0%
diaxons
0%
diazine
0%
diazole
0%
diazoma
0%
dibasic
0%
dibatag
0%
dibhole
0%
dibrach
0%
dibutyl
0%
dicamba
0%
dicasts
0%
dicebox
0%
Diceras
0%
diceria
0%
dickens
0%
dickeys
0%
dickite
0%
dicliny
0%
dicolic
0%
dicolon
0%
dictier
0%
dicycle
0%
didacts
0%
didelph
0%
Dididae
0%
didinia
0%
didrics
0%
diduced
0%
diduces
0%
diecase
0%
dieners
0%
diester
0%
diether
0%
diethyl
0%
dietine
0%
diewise
0%
diffide
0%
difform
0%
diffusa
0%
digamma
0%
Digenea
0%
digenic
0%
digesta
0%
dighted
0%
diglyph
0%
dignify
0%
dignity
0%
digonal
0%
digrams
0%
Digynia
0%
dihydro
0%
diiambi
0%
diiambs
0%
dikages
0%
dikelet
0%
dikeria
0%
dillesk
0%
dillisk
0%
dillues
0%
diluent
0%
dilutee
0%
dilutor
0%
diluvia
0%
dimbles
0%
dimedon
0%
dimeric
0%
dimmish
0%
dimmits
0%
dimness
0%
dimoric
0%
dimouts
0%
dimpses
0%
Dinaric
0%
dinched
0%
dinches
0%
dineric
0%
dingily
0%
dingman
0%
dingmen
0%
dinitro
0%
dinkeys
0%
dinmont
0%
Dinomys
0%
dinsome
0%
diocess
0%
diocoel
0%
dioctyl
0%
diodone
0%
diodont
0%
Dioecia
0%
diomate
0%
dionine
0%
dionins
0%
dionise
0%
Diopsis
0%
dioptry
0%
diorama
0%
diorite
0%
diosmas
0%
dioxans
0%
dioxins
0%
dipcoat
0%
diphase
0%
diphead
0%
Diphyes
0%
diploes
0%
diploic
0%
diploid
0%
Diplura
0%
dipnets
0%
dipnoan
0%
dipnoid
0%
dipodic
0%
dipodid
0%
dipolar
0%
dipoles
0%
dipseys
0%
dipsies
0%
dipters
0%
diptota
0%
dipware
0%
dipygus
0%
dipylon
0%
dipyres
0%
direful
0%
dirgies
0%
diriges
0%
dirling
0%
dirndls
0%
dirtbag
0%
disagio
0%
disally
0%
disbark
0%
disbuds
0%
discept
0%
discerp
0%
Discina
0%
discous
0%
disedge
0%
disemes
0%
disemic
0%
diseurs
0%
dishelm
0%
dishful
0%
dishmop
0%
dishome
0%
dishorn
0%
disjune
0%
diskery
0%
disleaf
0%
disleal
0%
dislimb
0%
dislimn
0%
dismail
0%
dismask
0%
dismast
0%
disomes
0%
disomus
0%
disorbs
0%
disours
0%
dispark
0%
displed
0%
disples
0%
dispone
0%
dispope
0%
dispora
0%
disrank
0%
disrate
0%
disrest
0%
disroof
0%
disrump
0%
dissava
0%
dissave
0%
disseat
0%
dissite
0%
distaff
0%
distale
0%
Distoma
0%
distome
0%
distune
0%
ditions
0%
ditones
0%
ditonic
0%
ditsier
0%
dittany
0%
dittays
0%
dittoed
0%
dittoes
0%
Divalis
0%
diverbs
0%
Diveses
0%
divinyl
0%
divisas
0%
Diwalis
0%
diwanis
0%
dizaine
0%
dizened
0%
dizzard
0%
dizzied
0%
dizzies
0%
dizzily
0%
Djermas
0%
djibbah
0%
djiggas
0%
DNAases
0%
doaters
0%
doatish
0%
dobbins
0%
doblons
0%
Dobuans
0%
Docetae
0%
Docetes
0%
docetic
0%
dochmii
0%
dochter
0%
docible
0%
docious
0%
dockens
0%
dockize
0%
dockman
0%
dockmen
0%
docquet
0%
doddery
0%
dodecyl
0%
dodkins
0%
dodmans
0%
dodrans
0%
dodunks
0%
dofunny
0%
doganas
0%
dogbody
0%
dogbolt
0%
dogdoms
0%
dogface
0%
dogfall
0%
dogfeet
0%
dogfish
0%
dogfoot
0%
doggish
0%
doggrel
0%
doghead
0%
doghole
0%
dogmata
0%
dogmeat
0%
dognaps
0%
dogpile
0%
Dogribs
0%
dogskin
0%
doigtes
0%
doitkin
0%
doketic
0%
Dolcans
0%
dolcian
0%
dolcino
0%
dolente
0%
dolinas
0%
doliums
0%
dolldom
0%
dollish
0%
dolmans
0%
dolmens
0%
dolosse
0%
doltish
0%
doluses
0%
domaine
0%
domally
0%
domatia
0%
domatic
0%
Dombeya
0%
doments
0%
dometts
0%
dominae
0%
dominie
0%
domneis
0%
dompted
0%
donable
0%
donacks
0%
donatee
0%
donatio
0%
donaxes
0%
dondoms
0%
dongons
0%
donicks
0%
donjons
0%
Donnean
0%
donnees
0%
donnert
0%
Donnian
0%
donnick
0%
donnish
0%
donnism
0%
donnots
0%
Donohue
0%
donship
0%
donzels
0%
doobies
0%
doocots
0%
doodads
0%
doodahs
0%
doodeen
0%
doodiae
0%
doodias
0%
doolies
0%
doomage
0%
doomful
0%
doorboy
0%
doorman
0%
doormat
0%
doormen
0%
doozers
0%
doozies
0%
dopants
0%
dopatta
0%
dopiest
0%
doppias
0%
dopster
0%
dorados
0%
dorhawk
0%
Dorians
0%
Dorisms
0%
dorlach
0%
dormice
0%
dornick
0%
Dorobos
0%
dorpers
0%
dorring
0%
dorsale
0%
dorsets
0%
Dorsian
0%
dorters
0%
dorting
0%
dortour
0%
doryman
0%
dorymen
0%
dosages
0%
Dosinia
0%
dossals
0%
dossels
0%
dossier
0%
dossily
0%
dotages
0%
dotants
0%
dotards
0%
dotiest
0%
dotlets
0%
dottily
0%
Dottore
0%
douanes
0%
doucely
0%
doucets
0%
douceur
0%
douchey
0%
doucine
0%
doughty
0%
Douglas
0%
doupers
0%
doupion
0%
dourade
0%
dourado
0%
dourest
0%
dourine
0%
dovecot
0%
dovekie
0%
dovelet
0%
dovened
0%
dowable
0%
dowdier
0%
dowdily
0%
dowered
0%
dowitch
0%
downbye
0%
downcry
0%
downcut
0%
downily
0%
downsun
0%
dowries
0%
dowsets
0%
doxepin
0%
doxical
0%
doxxing
0%
doyenne
0%
doyleys
0%
dozenth
0%
drabbet
0%
drabler
0%
drachms
0%
dragade
0%
dragbar
0%
dragees
0%
dragman
0%
dragmen
0%
dragsaw
0%
draigle
0%
draigon
0%
dramage
0%
dramedy
0%
dranted
0%
drapets
0%
dratted
0%
Dravida
0%
dravite
0%
drawbar
0%
drawboy
0%
drawcut
0%
drawees
0%
drawked
0%
drawman
0%
drawmen
0%
drawnet
0%
drawrod
0%
drayage
0%
drayman
0%
draymen
0%
dredgie
0%
dreeing
0%
dreidls
0%
drenghs
0%
drepane
0%
driases
0%
dribbly
0%
driblet
0%
dridder
0%
driddle
0%
drilvis
0%
drimias
0%
drivage
0%
droddum
0%
drogher
0%
drogues
0%
droichs
0%
droiled
0%
droiles
0%
dromond
0%
dronier
0%
dronish
0%
dropout
0%
drosera
0%
droshky
0%
drostdy
0%
drouket
0%
droukit
0%
drouths
0%
drouthy
0%
drownds
0%
drowsed
0%
drowses
0%
drucken
0%
drugola
0%
druidic
0%
drumlie
0%
drumlin
0%
drungar
0%
drusier
0%
druxier
0%
dryable
0%
dryfist
0%
dryfoot
0%
dryinid
0%
dryland
0%
drylots
0%
drywall
0%
dualism
0%
dualist
0%
dualize
0%
duarchy
0%
dubbins
0%
dubiety
0%
dubious
0%
dubnium
0%
ducally
0%
ducapes
0%
ducaton
0%
duchans
0%
duckpin
0%
ductile
0%
ducting
0%
ductors
0%
ductule
0%
ductuli
0%
dudaims
0%
dudeens
0%
dudgeon
0%
dudines
0%
dudisms
0%
duelist
0%
duellos
0%
duendes
0%
dueness
0%
duennas
0%
dufters
0%
duftery
0%
duftite
0%
dufuses
0%
dugdugs
0%
Dugesia
0%
dugways
0%
duikers
0%
dukaten
0%
dukaton
0%
dukedom
0%
dulbert
0%
dulcian
0%
dulcify
0%
dullish
0%
dulness
0%
duloses
0%
dulosis
0%
dulotic
0%
dulties
0%
dulzian
0%
Dumagat
0%
dumdums
0%
dumpier
0%
dumpily
0%
dumpish
0%
dumpler
0%
dumpman
0%
dumpmen
0%
dunbird
0%
duncery
0%
dunched
0%
dunches
0%
duncify
0%
duncish
0%
dunfish
0%
Dungans
0%
dungier
0%
dungons
0%
duniest
0%
dunites
0%
dunitic
0%
Dunkard
0%
Dunkirk
0%
dunlins
0%
Dunlops
0%
dunnage
0%
dunness
0%
dunnest
0%
dunnish
0%
dunnock
0%
duodena
0%
duopoly
0%
duotone
0%
duotype
0%
dupable
0%
dupioni
0%
dupions
0%
duplets
0%
duplies
0%
duppies
0%
durable
0%
durably
0%
durains
0%
duramen
0%
durance
0%
Duranis
0%
Duranta
0%
durante
0%
durbars
0%
durenes
0%
durezza
0%
durgans
0%
durgens
0%
Durhams
0%
durmast
0%
durning
0%
durrins
0%
durwans
0%
Durzada
0%
Durzees
0%
duskily
0%
duskish
0%
dustbin
0%
dustblu
0%
dustbox
0%
dustman
0%
dustmen
0%
dustoor
0%
dustour
0%
dustpan
0%
dustrag
0%
dustuck
0%
dustuks
0%
dustups
0%
dutches
0%
duteous
0%
duumvir
0%
duvetyn
0%
dvandva
0%
Dvoraks
0%
dwaible
0%
dwaibly
0%
dwalmed
0%
dwaming
0%
dwining
0%
dyadics
0%
dyarchy
0%
dyassic
0%
dyaster
0%
dybbuks
0%
dyeable
0%
dyebath
0%
dyebeck
0%
Dyermas
0%
dyeweed
0%
dyewood
0%
dykages
0%
dynames
0%
dynamis
0%
dynasts
0%
dynders
0%
dyneins
0%
dynodes
0%
dypnone
0%
dysergy
0%
dyspnea
0%
dysuria
0%
dysuric
0%
dyvours
0%
dzerens
0%
dzerins
0%
dzerons
0%
Dzungar
0%
No matching quizzes found
Score Distribution
Percent of People with Each Score
Percentile by Number Answered
Your Score History
You have not taken this quiz